| 000 | 00831nam a2200265Ia 4500 | ||
|---|---|---|---|
| 003 | OSt | ||
| 005 | 20220926025704.0 | ||
| 006 | a|||||r|||| 00| 0 | ||
| 007 | ta | ||
| 008 | 220923b |||||||| |||| 00| 0 eng d | ||
| 020 | _a1851480099 | ||
| 037 | _cGeneral Book | ||
| 040 |
_aRTL _cRTL _beng |
||
| 041 |
_2eng _aeng |
||
| 082 | _aX9(J).1(X).N8, M6 | ||
| 100 |
_aSwaminathan M S Ed. _9259260 |
||
| 245 | 0 | _aGlobal aspects of food production | |
| 260 |
_aOxford _bTycooly International _c1986 |
||
| 300 |
_axix,449p. _ccm. |
||
| 490 | _aNational Resorces And The einvironment Series. 20. International Rice Research Insititute | ||
| 650 | _aIndustry | ||
| 700 |
_a Sinha S K Ed. _9332789 |
||
| 942 |
_hX9(J).1(X).N8, M6 _cGB _2CC |
||
| 999 |
_c647696 _d647696 |
||